Statystyki dla Państwa z lotniskowcami.

Kliknij tutaj aby rozwiązać quiz!

Ogólne statystyki

  • Ten quiz został rozwiązany 142 razy
  • Średni wynik to 10 z 13

Statystyki odpowiedzi

LiczbaOdpowiedź% Poprawnych
20Stany Zjednoczone
100%
2Chiny
96%
4Francja
95%
1Rosja
95%
4Japonia
92%
2Wielka Brytania
91%
1Indie
82%
1Hiszpania
76%
2Włochy
73%
2Australia
72%
2Korea Południowa
70%
2Egipt
34%
1Tajlandia
25%

Rozkład punktacji

Percentyl według liczby udzielonych odpowiedzi

Procent ludzi z każdym wynikiem

Twoja historia wyników

Nie rozwiązałeś tego quizu